000 00469nam a22001457a 4500
999 _c2230
_d2230
008 200218b ||||| |||| 00| 0 eng d
082 0 0 _a672.36
_bS2571
100 _91812
_aSaunders, B.
245 1 0 _aHeat treatment in forging steel : A Manual on the application of science to the heating, cooling and forging of steel
_cby B Saunders
260 _aLondon
_bTechnical press
_c1947
300 _avii,119p.
365 _d4.01
650 0 _aSteel heat treatment
942 _cBK